5HLuxD.jpg

KING HENRY VIII SENIOR AND PRIMARY SCHOOL LIBRARY OPAC

Peppa's Christmas. (Record no. 2379)

000 -LEADER
fixed length control field 01057nam a22003497i 4500
001 - CONTROL NUMBER
control field 015826189
003 - CONTROL NUMBER IDENTIFIER
control field Uk
005 - DATE AND TIME OF LATEST TRANSACTION
control field 20230503082401.0
008 - FIXED-LENGTH DATA ELEMENTS--GENERAL INFORMATION
fixed length control field 110608s2011 enka j 000 f eng|d
015 ## - NATIONAL BIBLIOGRAPHY NUMBER
National bibliography number GBB172411
Source bnb
016 7# - NATIONAL BIBLIOGRAPHIC AGENCY CONTROL NUMBER
Record control number 015826189
Source Uk
020 ## - INTERNATIONAL STANDARD BOOK NUMBER
International Standard Book Number 9781409306146 (hardback) :
040 ## - CATALOGING SOURCE
Original cataloging agency StDuBDS
Language of cataloging eng
Transcribing agency StDuBDS
Modifying agency Uk
-- KH8
Description conventions rda
082 04 - DEWEY DECIMAL CLASSIFICATION NUMBER
Classification number 823.92 AST
Edition number 22
100 ## - MAIN ENTRY--PERSONAL NAME
Personal name Astley, Neville
Relator term author
245 00 - TITLE STATEMENT
Title Peppa's Christmas.
Statement of responsibility, etc. Neville Astley
260 ## - PUBLICATION, DISTRIBUTION, ETC.
Place of publication, distribution, etc. London :
Name of publisher, distributor, etc. Ladybird,
Date of publication, distribution, etc. 2011.
300 ## - PHYSICAL DESCRIPTION
Extent 1 volume (unpaged) :
Other physical details illustrations ;
Dimensions 17 cm.
336 ## - CONTENT TYPE
Content type term text
Source rdacontent
337 ## - MEDIA TYPE
Media type term computer
Source rdamedia
338 ## - CARRIER TYPE
Carrier type term computer disc
Source rdacarrier
490 0# - SERIES STATEMENT
Series statement Peppa Pig
500 ## - GENERAL NOTE
General note TV tie-in.
500 ## - GENERAL NOTE
General note Board book.
500 ## - GENERAL NOTE
General note Formerly CIP.
Institution to which field applies Uk
650 #0 - SUBJECT ADDED ENTRY--TOPICAL TERM
Topical term or geographic name entry element Peppa Pig (Fictitious character)
Form subdivision Pictorial works
-- Juvenile fiction.
650 #0 - SUBJECT ADDED ENTRY--TOPICAL TERM
Topical term or geographic name entry element Board books.
655 #0 - INDEX TERM--GENRE/FORM
Genre/form data or focus term Christmas stories.
655 #7 - INDEX TERM--GENRE/FORM
Genre/form data or focus term Children's stories
Form subdivision Pictorial works.
Source of term gsafd
700 ## - ADDED ENTRY--PERSONAL NAME
Personal name Baker, Mark
Dates associated with a name 1959-
Relator term author
942 ## - ADDED ENTRY ELEMENTS (KOHA)
Source of classification or shelving scheme
Koha item type Books - Fiction
Holdings
Withdrawn status Lost status Source of classification or shelving scheme Damaged status Not for loan Collection code Permanent Location Current Location Shelving location Date acquired Total Checkouts Full call number Barcode Date due Date last seen Date last checked out Price effective from Koha item type
          Fiction KH8 Primary School Library KH8 Primary School Library Non Fiction 2023-05-03 29 823.92 AST KHPL000004127 2026-04-15 2026-04-07 2026-04-07 2023-05-03 Books - Fiction

Powered By KH8 IT Dept